000 03644cam a2200445 4500500
005 20260322004106.0
041 _afre
042 _adc
100 1 0 _aCasarin, Veronica
_eauthor
700 1 0 _aLeca, Bernard
_eauthor
700 1 0 _aLinder, Stefan
_eauthor
700 1 0 _aMoraru-Arfire, Andreea
_eauthor
700 1 0 _aCadenza Academic Translations
_eauthor
245 0 0 _aUne perspective principiste sur l’éthique des systèmes de mesure de la performance
260 _c2026.
500 _a31
520 _aCet article étend les recherches existantes sur le contrôle de gestion et l’éthique en examinant l’éthique des systèmes de mesure de la performance (SMP). Il propose une approche prescriptive pour évaluer l’éthique des SMP en se fondant sur le principisme – un cadre éthique qui repose sur quatre devoirs prima facie : la non-malfaisance, la bienfaisance, le respect de l’autonomie et la justice. L’éthique des SMP est analysée à travers ces principes, et la conception des SMP est théorisée comme un moyen de réaliser ces principes en tant que finalités éthiques. Le cas des SMP de France Télécom est utilisé pour illustrer cette approche. L’analyse met en évidence à la fois les avantages et les inconvénients potentiels de l’application du principisme aux SMP, tant pour éclairer la recherche que pour guider les pratiques organisationnelles. Sur cette base, l’article discute des implications pour la recherche et définit un programme pouvant orienter de futurs travaux théoriques et empiriques. De manière plus générale, notre travail enrichit la littérature sur le contrôle de gestion et l’éthique en introduisant le principisme comme perspective pour une théorisation prescriptive de l’éthique des SMP.
520 _aThis paper extends existing research on management control and ethics by examining the ethicality of performance measurement systems (PMSs). It contributes by offering a prescriptive lens for assessing the ethicality of PMSs, grounded in principlism—a mid-level ethical theory based on four prima facie duties: non-maleficence, beneficence, respect for autonomy, and justice. The ethicality of PMSs is analyzed through the lens of these principles, and their design is theorized as a means of achieving these ethical endsThe well-documented case of the PMS at France Télécom is used to illustrate this approach. The analysis highlights both the benefits and the challenges of applying principlism to PMSs in research and practice. Based on these insights, the paper outlines implications and lays out a research agenda for future theoretical and empirical work in management control. More broadly, the paper advances the literature on management control and ethics by introducing principlism as a foundation for prescriptive theorizing about the ethicality of PMSs.
690 _aautonomie
690 _abienfaisance
690 _aéthique
690 _aindicateurs
690 _ajustice
690 _amesure de la performance
690 _anon-malfaisance
690 _aprincipisme
690 _athéorisation prescriptive
690 _aautonomy
690 _abeneficence
690 _aethics
690 _aindicators
690 _ajustice
690 _ametrics
690 _anon-maleficence
690 _aperformance measurement
690 _aprescriptive theorizing
690 _aprinciplism
786 0 _nComptabilité Contrôle Audit | 31 | 4 | 2026-02-17 | p. 137-187 | 1262-2788
856 4 1 _uhttps://shs.cairn.info/revue-comptabilite-controle-audit-2025-4-page-137?lang=fr&redirect-ssocas=7080
999 _c1737315
_d1737315